000 00761nam 22002533 4500
001 199836
010 _a972-759-548-0
021 _aPT
_b186419/02
090 _a199836
100 _a20260112d u||y0pory50 ba
101 _apor
102 _aPT
200 _aUma Corrida de Vassouras
_fNicha Alvim
_gIlustração de Madalena Matoso
205 _a
210 _aLisboa
_cTemas e Debates
_d2002
215 _a[32] p. : todo il.
_cEncadernado
_d22 x 22 cm
225 _aAs Histórias da Bruxa Cornélia
606 _922
_aLiteratura Infantil Portuguesa
675 _a821.134.3-93/ALV/UMA
_vPT
_zpor
700 _92504
_aAlvim
_bNicha
702 _91058
_aMatoso
_bMadalena
801 _aPT
_bBMMN
_gRPC
830 _cCarlos Pinto
_d12-01-2026
_fCarlos Pinto
990 _cLIVROS